书目信息 |
| 题名: |
三峡工程生态与环境监测系统研究
|
|
| 作者: | 黄炳方 , 敖良桂 , 黄真理 著 | |
| 分册: | ||
| 出版信息: | 北京 科学出版社 2006.09 |
|
| 页数: | 363页 | |
| 开本: | 26cm | |
| 丛书名: | ||
| 单 册: | ||
| 中图分类: | X321.2 | |
| 科图分类: | ||
| 主题词: | 三峡工程--san xia gong cheng--生态环境--环境监测--研究 | |
| 电子资源: | ||
| ISBN: | 7-03-016879-8 | |
| 000 | 01119nam0 2200253 450 | |
| 001 | 012007226654 | |
| 005 | 20070515151858.17 | |
| 010 | @a7-03-016879-8@b精装@dCNY198.00 | |
| 100 | @a20070108d2006 km y0chiy0120 ea | |
| 101 | 0 | @achi |
| 102 | @aCN@b110000 | |
| 105 | @aa a 000yy | |
| 200 | 1 | @a三峡工程生态与环境监测系统研究@Asan xia gong cheng sheng tai yu huan jing jian ce xi tong yan jiu@f黄真理, 黄炳方, 敖良桂著@Fhuang zhen li,huang bing fang,ao liang gui zhu |
| 210 | @a北京@c科学出版社@d2006.09 | |
| 215 | @a363页@c图@d26cm | |
| 320 | @a有书目 (第361页)。 | |
| 330 | @a三峡工程是举世瞩目的大型水利工程,是治理和开发长江的关键性骨干工程,具有防洪、发电、航运等巨大的综合效益。但与此同时,工程建设中的库区移民、施工区的影响以及工程建成后将部分改变长江水文情势等导致生态环境改变的诱因又会对库区、长江中下游及河口地区的生态的影响。 | |
| 606 | 0 | @a三峡工程@Asan xia gong cheng@x生态环境@x环境监测@x研究 |
| 690 | @aX321.2@v4 | |
| 701 | 0 | @a黄炳方@Ahuang bing fang@4著 |
| 701 | 0 | @a敖良桂@Aao liang gui@4著 |
| 701 | 0 | @a黄真理@Ahuang zhen li@4著 |
| 801 | 0 | @aCN@c20070515 |
| 905 | @a10447@dX321.2@eH923 | |
| 三峡工程生态与环境监测系统研究/黄真理, 黄炳方, 敖良桂著.-北京:科学出版社,2006.09 |
| 363页:图;26cm |
| ISBN 7-03-016879-8(精装):CNY198.00 |
| 三峡工程是举世瞩目的大型水利工程,是治理和开发长江的关键性骨干工程,具有防洪、发电、航运等巨大的综合效益。但与此同时,工程建设中的库区移民、施工区的影响以及工程建成后将部分改变长江水文情势等导致生态环境改变的诱因又会对库区、长江中下游及河口地区的生态的影响。 |
| ● |
| 相关链接 |
|
|
|
正题名:三峡工程生态与环境监测系统研究
索取号:X321.2/H923
 
预约/预借
| 序号 | 登录号 | 条形码 | 馆藏地/架位号 | 状态 | 备注 |
| 1 | 234708 | 202347086 | 自科库501/501自科库 95排2列3层/ [索取号:X321.2/H923] | 在馆 |